000 00395nam a22001337a 4500
082 _a691
_bROO
100 _aGovt. printing press india
_945461
245 _aRoorkee treatise of civil engineering section 1 building materials
250 _a7th ed.
260 _aIndia.:
_bGovt. printing press india
_c1905
300 _a143 p.
526 _a0
_b0
_c0
_d691_000000000000000_ROO
942 _2ddc
_cBK
999 _c548981
_d548981